Accounting Principles (Record no. 2788)

MARC details
005 - DATE AND TIME OF LATEST TRANSACTION
control field 20250528145343.0
020 ## - INTERNATIONAL STANDARD BOOK NUMBER
International Standard Book Number 0-471-4484-2
082 ## - DEWEY DECIMAL CLASSIFICATION NUMBER
Classification number LECT 657 WEY
100 ## - MAIN ENTRY--PERSONAL NAME
Author name WEYGANDT, J. J
245 ## - TITLE STATEMENT
Title Accounting Principles
250 ## - EDITION STATEMENT
Edition statement 7th Ed.
260 ## - PUBLICATION, DISTRIBUTION, ETC.
Place of publication, distribution, etc. Danvers,
Name of publisher, distributor, etc. John Wiley & Sons, Inc.
Date of publication, distribution, etc. 2005.
300 ## - PHYSICAL DESCRIPTION
Extent xxxii, 1120p.: ill.; figure, graph, picture, table.
Other physical details Index,
Dimensions 27cm.
700 ## - ADDED ENTRY--PERSONAL NAME
Other authors/Editors KIESO, D. E. & KIMMEL, P. D.
856 ## - ELECTRONIC LOCATION AND ACCESS
Link text Access online book
Electronic name Accounting Principles
Path www.wiley.com/college/weygandt
942 ## - ADDED ENTRY ELEMENTS (KOHA)
Source of classification or shelving scheme Dewey Decimal Classification
Koha item type Books
Holdings
Date last seen Total checkouts Full call number Barcode Cost, replacement price Price effective from Koha item type Lost status Source of classification or shelving scheme Damaged status Not for loan Withdrawn status Home library Current library Shelving location Date acquired Cost, normal purchase price
06/27/2025   657.04ANT DOM000384 180000.00 06/27/2025 Books   Dewey Decimal Classification       CBE Dodoma CBE Dodoma General Collection 11/24/2014 60000.00
06/27/2025   657.044WEY DOM000299 180000.00 06/27/2025 Books   Dewey Decimal Classification       CBE Dodoma CBE Dodoma General Collection 11/28/2014 60000.00
06/28/2025   657044WEY DOM000251 999999.99 06/28/2025 Books   Dewey Decimal Classification       CBE Dodoma CBE Dodoma General Collection 11/28/2014 60000.00
06/28/2025   657.044WEY DOM000473 999999.99 06/28/2025 Books   Dewey Decimal Classification       CBE Dodoma CBE Dodoma General Collection 11/28/2014 60000.00
06/29/2025   657 FES DOM000457 90000.00 06/29/2025 Books   Dewey Decimal Classification       CBE Dodoma CBE Dodoma General Collection 10/29/1992 30000.00
05/28/2025   LECT 657 WEY 00000010378 180000.00 05/28/2025 Books   Dewey Decimal Classification       College of Business Education Main Library College of Business Education Main Library General Collection 11/28/2014 60000.00